[Event "San Francisco TNM Summer op"]
[Site "San Francisco"]
[Date "2010.06.22"]
[Round "5"]
[White "Knopf, Carol"]
[Black "Rakonitz, David"]
[Result "0-1"]
[WhiteElo "836"]
[BlackElo "1374"]
[PlyCount "60"]
[EventDate "2010.05.25"]
[EventType "swiss"]
[EventRounds "8"]
[EventCountry "USA"]
[SourceTitle "EXT 2012"]
[Source "ChessBase"]
[SourceDate "2011.11.24"]
[SourceVersion "1"]
[SourceVersionDate "2011.11.24"]
[SourceQuality "1"]

1. d4 Nf6 2. c4 e6 3. Bd2 b6 4. Nf3 Bb7 5. e3 Ne4 6. Bd3 Be7 7. 0-0 0-0 8. Be1 d6 9. Qc2 f5 10. Nc3 d5 11. Qb3 c5 12. Ne5 Nxc3 13. Bxc3 Nc6 14. Nxc6 Bxc6 15. Rad1 Qc7 16. Qc2 Bd6 17. f4 Rae8 18. Qf2 Qb7 19. Qg3 dxc4 20. dxc5 Bxc5 21. Qxg7+ Qxg7 22. Bxg7 Kxg7 23. Bxc4 Bxe3+ 24. Kh1 Kf6 25. Rd3 Bc5 26. Rg3 Rg8 27. Rd1 Rxg3 28. hxg3 Rg8 29. Kh2 Rg6 30. Kh3 Rh6# 0-1